Govt. of
Madhya Pradesh

Normal view MARC view

Entry Personal Name

Number of records used in: 1

001 - CONTROL NUMBER

  • control field: 53693

003 - CONTROL NUMBER IDENTIFIER

  • control field: OSt

005 - DATE AND TIME OF LATEST TRANSACTION

  • control field: 20160423155156.0

008 - FIXED-LENGTH DATA ELEMENTS

  • fixed length control field: 160423|| aca||aabn | a|a d

040 ## - CATALOGING SOURCE

  • Original cataloging agency: OSt
  • Transcribing agency: OSt

100 ## - HEADING--PERSONAL NAME

  • Personal name: गौतम वीणा

670 ## - SOURCE DATA FOUND

  • Source citation: Work cat.: (OSt)9286: गौतम वीणा , धर्मवीर भारती और शंकर शंष के नाटकों का रंग - चिन्‍तन , 2002